Turcja: Kluby piłkarskie Centralnej Anatolii - nagła śmierć - Statystyki

Ogólne statystyki
  • Ten quiz został rozwiązany 4 razy
    2 od ostatniego zresetowania
  • Średni wynik to 4 z 9
Answers on the Grid
Answers color-coded by a green-red scale on the quiz's grid according to % correct below.
Samsunspor
68 Aksaray Bld.
Altinordu FK
Karaman FK
Keciorengucu
Bursaspor
Genclerbirligi SK
Ankaraspor
Gaziantep FK
MKE Ankaragücü
Kayserispor
Amed SK
Konyaspor
Sivasspor
 
Statystyki odpowiedzi
Odpowiedź % Poprawnych
Ankaraspor
100%
Karaman FK
50%
Kayserispor
50%
Keciorengucu
50%
Konyaspor
50%
MKE Ankaragücü
50%
68 Aksaray Bld.
0%
Genclerbirligi SK
0%
Sivasspor
0%
Nie znaleziono quizów pasujących do podanych kryteriów
Rozkład punktacji
Procent ludzi z każdym wynikiem
Percentyl według liczby udzielonych odpowiedzi
Twoja historia wyników
Nie rozwiązałeś tego quizu od ostatniego zresetowania